| 000 | 00815nam a22002897a 4500 | ||
|---|---|---|---|
| 001 | 0000887 | ||
| 003 | KOHA_MİRAKIL | ||
| 005 | 20260207001223.0 | ||
| 007 | ta | ||
| 008 | 081212b1998 tu |||grd|||#0|||0|tur | | ||
| 020 |
_a9754710848 _cYTL12,69 |
||
| 040 |
_aTR-BiSEU _btur _cTR-BiSEU _erda |
||
| 041 | 0 | _atur | |
| 044 | _ctu | ||
| 050 |
_aTK7804 _b.E44 1998 |
||
| 245 | 0 |
_aElektronik sözlüğü/ _ceditör Ali Bayram. |
|
| 264 | 1 |
_aİstanbul : _bFono Yayınları _c1998 |
|
| 300 | _a224 sayfa | ||
| 336 |
_ametin _btxt _2rdacontent |
||
| 337 |
_aaracısız _bn _2rdamedia |
||
| 338 |
_acilt _bnc _2rdacarrier |
||
| 490 | 0 | _aFono Yayınları sözlük dizisi | |
| 650 | 0 |
_aElektronik--Sözlükler--Türkçe. _93440 |
|
| 830 | 0 |
_aFono Yayınları sözlük dizisi _93441 |
|
| 907 | _aSözlük | ||
| 942 |
_2lcc _cBK |
||
| 999 |
_c882 _d882 |
||